书目信息 |
| 题名: |
CG漫画与插画绘制实战技法
|
|
| 作者: | 俞翔 编著 | |
| 分册: | ||
| 出版信息: | 北京 人民邮电出版社 2010.07 |
|
| 页数: | 255页 | |
| 开本: | 29cm | |
| 丛书名: | ||
| 单 册: | ||
| 中图分类: | J218.2 , J218.5 | |
| 科图分类: | ||
| 主题词: | 图形软件--应用--漫画--绘画技法 , 图形软件--应用--插图--绘画技法 , 图形软件 , 漫画 , 绘画技法 , 插图 | |
| 电子资源: | ||
| ISBN: | 978-7-115-22775-1 | |
| 000 | 01041nam0 2200325 450 | |
| 001 | 010010016709 | |
| 005 | 20130627095040.42 | |
| 010 | @a978-7-115-22775-1@dCNY69.00(含光盘) | |
| 100 | @a20100721d2010 em y0chiy0110 ea | |
| 101 | 0 | @achi |
| 102 | @aCN@b110000 | |
| 105 | @aa z 000yy | |
| 106 | @ar | |
| 200 | 1 | @aCG漫画与插画绘制实战技法@9CG man hua yu cha hua hui zhi shi zhan ji fa@f俞翔[等]编著 |
| 210 | @a北京@c人民邮电出版社@d2010.07 | |
| 215 | @a255页@c图@d29cm@e1光盘 | |
| 304 | @a编著还有:新野,汤峥嵘,小孔成象 | |
| 307 | @a附光盘:ISBN 978-7-89443-040-3 | |
| 330 | @a本书全部由实例构成,包括Q版、韩式儿插、萌系少女、青春人物、欧美人物、写实、3D效果、场景、游戏人设9种风格。 | |
| 606 | 0 | @a图形软件@x应用@x漫画@x绘画技法 |
| 606 | 0 | @a图形软件@x应用@x插图@x绘画技法 |
| 606 | 0 | @a图形软件 |
| 606 | 0 | @a漫画 |
| 606 | 0 | @a绘画技法 |
| 606 | 0 | @a插图 |
| 690 | @aJ218.2@v4 | |
| 690 | @aJ218.5@v4 | |
| 701 | 0 | @a俞翔@9yu xiang@4编著 |
| 801 | 0 | @aCN@bRENTIAN@c20100721 |
| 905 | @b546661-65@dJ218.2@e627@f5 | |
| CG漫画与插画绘制实战技法/俞翔[等]编著.-北京:人民邮电出版社,2010.07 |
| 255页:图;29cm+1光盘 |
| ISBN 978-7-115-22775-1:CNY69.00(含光盘) |
| 本书全部由实例构成,包括Q版、韩式儿插、萌系少女、青春人物、欧美人物、写实、3D效果、场景、游戏人设9种风格。 |
| ● |
| 相关链接 |
|
|
|
|
正题名:CG漫画与插画绘制实战技法
索取号:J218.2/627
 
预约/预借
| 序号 | 登录号 | 条形码 | 馆藏地/架位号 | 状态 | 备注 |
| 1 | 546661 | 205466618 | 第一样本阅览室/ [索取号:J218.2/627] | 在馆 | |
| 2 | 546662 | 205466627 | 美术系资料室/ [索取号:J218.2/627] | 在馆 | |
| 3 | 546663 | 205466636 | 第一借阅区/ [索取号:J218.2/627] | 在馆 | |
| 4 | 546664 | 205466645 | 第一借阅区/ [索取号:J218.2/627] | 在馆 | |
| 5 | 546665 | 205466654 | 第一借阅区/ [索取号:J218.2/627] | 在馆 |